|
|
|
|
| LEADER |
00000nam a22000007a 4500 |
| 005 |
20130614093244.0 |
| 007 |
cr|||| |||| |
| 008 |
130614e2013 cl |||||s|||| 00||0 spa d |
| 035 |
|
|
|a 11318
|
| 040 |
|
|
|a vLex
|
| 090 |
|
|
|c 4351
|d 4351
|
| 245 |
0 |
0 |
|a Artc̕ulos e Investigaciones Synergy Advisors
|h [Recurso electrn̤ico]
|
| 256 |
|
|
|a Servicio en ln̕ea
|
| 260 |
|
|
|a Santiago de Chile :
|b Synergy Advisors,
|c 2013
|
| 300 |
|
|
|a 1 Recurso electrn̤ico
|
| 506 |
|
|
|a Contenido solo disponible en los productos indicados
|d vLex Global
|d vLex Global (Academic Edition, excluding Law Schools)
|d vLex Global (U.S. Academic Edition, Law Schools)
|d vLex Global (U.S. Academic Edition, excluding Law Schools)
|d vLex Global (Academic Edition, Law Schools)
|
| 650 |
|
4 |
|a Educacin̤ universitaria
|z Chile
|
| 650 |
|
4 |
|a Economa̕
|z Chile
|
| 740 |
|
|
|a vLex Libros (Servicio en ln̕ea)
|
| 856 |
|
|
|a Acceso restringido
|u http://www.vlex.com/source/11318
|
| 942 |
|
|
|c BOOK
|